RF power amplifiers for wireless communications / (Record no. 175789)
[ view plain ]
| 000 -LEADER | |
|---|---|
| fixed length control field | 01086 a2200217 4500 |
| 003 - CONTROL NUMBER IDENTIFIER | |
| control field | Nust |
| 005 - DATE AND TIME OF LATEST TRANSACTION | |
| control field | 20220815110139.0 |
| 010 ## - LIBRARY OF CONGRESS CONTROL NUMBER | |
| LC control number | 99017792 |
| 020 ## - INTERNATIONAL STANDARD BOOK NUMBER | |
| International Standard Book Number | 0890069891 |
| 040 ## - CATALOGING SOURCE | |
| Transcribing agency | Nust |
| 082 00 - DEWEY DECIMAL CLASSIFICATION NUMBER | |
| Classification number | 621.381535,CRI |
| 100 1# - MAIN ENTRY--PERSONAL NAME | |
| Personal name | Cripps, Steve C. |
| 9 (RLIN) | 61444 |
| 245 10 - TITLE STATEMENT | |
| Title | RF power amplifiers for wireless communications / |
| Statement of responsibility, etc. | Steve C. Cripps. |
| 246 3# - VARYING FORM OF TITLE | |
| Title proper/short title | Radio frequency power amplifiers for wireless communications |
| 260 ## - PUBLICATION, DISTRIBUTION, ETC. | |
| Place of publication, distribution, etc. | Boston : |
| Name of publisher, distributor, etc. | Artech House, |
| Date of publication, distribution, etc. | c1999. |
| 300 ## - PHYSICAL DESCRIPTION | |
| Extent | xii, 337 p. : |
| Other physical details | ill. ; |
| Dimensions | 24 cm. |
| 440 #0 - SERIES STATEMENT/ADDED ENTRY--TITLE | |
| Title | Artech House microwave library |
| 9 (RLIN) | 28737 |
| 505 ## - FORMATTED CONTENTS NOTE | |
| Formatted contents note | Introduction (Page-1), Linear Power Amplifier Design (Page-17), Conventional High Efficiency Amplifier (Page-45), Matching Network Design for Reduced Conduction Angle (Page-73), Overdrive and Limiting Effects in RF Power Amplifier (Page-113), Switching Mode Amplifier for RF Application (Page-145), Nonlinear Effects in RF Power Amplifier (Page-179), Efficiency Enhancements Techniques (Page-219), Power Amplifier Architecture (Page-286), |
| 650 #0 - SUBJECT ADDED ENTRY--TOPICAL TERM | |
| Topical term or geographic name entry element | Telecommunication Engineering. |
| 942 ## - ADDED ENTRY ELEMENTS (KOHA) | |
| Koha item type | Reference |
| Source of classification or shelving scheme | |
| Withdrawn status | Lost status | Source of classification or shelving scheme | Damaged status | Not for loan | Permanent Location | Current Location | Shelving location | Date acquired | Full call number | Barcode | Date last seen | Price effective from | Koha item type | Public note |
|---|---|---|---|---|---|---|---|---|---|---|---|---|---|---|
| Military College of Signals (MCS) | Military College of Signals (MCS) | Reference | 12/12/2016 | 621.381535,CRI | MCS27885 | 12/08/2016 | 12/12/2016 | Reference | Almirah No.21, Shelf No.5 |
